000 00457cam a22001575a 4500
001 J100749
008 000000s1913 xxk 000 0 eng u
035 _a(Sirsi) u100749
110 _aQuantity Surveyors' Association
_93787
245 _aReport of Council 1913, and a paper on trades unionism for professionals by A Burnaby Howes.
260 _c1913
300 _a79p.
651 4 _aUnited Kingdom
_y
690 _aQuantity surveying
_96263
942 _n0
999 _c99798
_d99798